ផែនដីនិងបរិស្ថានវិទ្យា ថ្នាក់ទី១០​​​ : (Record no. 6661)

MARC details
000 -LEADER
fixed length control field 01896nam a22002297a 4500
001 - CONTROL NUMBER
control field 6661
003 - CONTROL NUMBER IDENTIFIER
control field FISKH
005 - DATE AND TIME OF LATEST TRANSACTION
control field 20250519140529.0
008 - FIXED-LENGTH DATA ELEMENTS--GENERAL INFORMATION
fixed length control field 250519b cb ||||| |||| 00| 0 eng d
040 ## - CATALOGING SOURCE
Original cataloging agency FISKH
Language of cataloging khr
Transcribing agency FISKH
Modifying agency FISKH
082 ## - DEWEY DECIMAL CLASSIFICATION NUMBER
Classification number 550
100 ## - MAIN ENTRY--PERSONAL NAME
Personal name Sopheak, Ouch
245 ## - TITLE STATEMENT
Title ផែនដីនិងបរិស្ថានវិទ្យា ថ្នាក់ទី១០​​​ :
Remainder of title សំណួរ-ចម្លើយគ្រប់មេរៀន /
Statement of responsibility, etc. អ៊ូច សុភ័ក្រ
260 ## - PUBLICATION, DISTRIBUTION, ETC.
Place of publication, distribution, etc. ភ្នំពេញ :
Name of publisher, distributor, etc. សា អុីម ,
Date of publication, distribution, etc. ២០១៣ .
300 ## - PHYSICAL DESCRIPTION
Extent 98 pages :
Other physical details illustrations ;
Dimensions 15 cm .
520 ## - SUMMARY, ETC.
Summary, etc. វិស័យផែនដី និងបរិស្ថានវិទ្យាសម្រាប់ថ្នាក់ទី១០ ផ្តោតទៅលើការយល់ដឹងអំពីសមាសធាតុផែនដី, ចលនា និងផលប៉ះពាល់របស់វាព្រមទាំងការយកចិត្តទុកដាក់លើការរក្សាទុកបរិស្ថាន។ វាផ្តល់ឱ្យនិស្សិតឱកាសយល់ដឹងពីការរីកចម្រើននៃផែនដី និងវិធានការដើម្បីការពារបរិស្ថានសម្រាប់អនាគត។
520 ## - SUMMARY, ETC.
Summary, etc. Earth Science and Environmental Science for Grade 10 focuses on understanding the components of the Earth, their movements, and their impacts, with a strong emphasis on environmental conservation. It provides students with knowledge of Earth's evolution and strategies for protecting the environment for future generations.
650 ## - SUBJECT ADDED ENTRY--TOPICAL TERM
Topical term or geographic name entry element ផែនដី និងបរិស្ថានវិទ្យា
650 ## - SUBJECT ADDED ENTRY--TOPICAL TERM
Topical term or geographic name entry element Geology and Environmental Science
942 ## - ADDED ENTRY ELEMENTS (KOHA)
Source of classification or shelving scheme Dewey Decimal Classification
Koha item type Khmer Books
Suppress in OPAC No
Holdings
Withdrawn status Lost status Source of classification or shelving scheme Damaged status Not for loan Collection Home library Current library Shelving location Date acquired Total Checkouts Full call number Barcode Date last seen Price effective from Koha item type
    Dewey Decimal Classification     Khmer Language Books / សៀវភៅភាសាខ្មែរ Footprints International School Library Network Toul Tom Poung Campus Footprints International School Library Network Toul Tom Poung Campus TTP Secondary Khmer Bookshelves 05/19/2025   SOP 550 FISSE02648 05/19/2025 05/19/2025 Khmer Books